Shina no janku to Nanman no sankō /

Saved in:
Bibliographic Details
Corporate Author: Minami Manshū Tetsudō Kabushiki Kaisha. Chōsaka.
Other Authors: Iishi, Takatoshi.
Format: Book
Language:Japanese
Published: [Dairen] : Minami Manshū Tetsudō Kabushiki Kaisha Shomubu Chōsaka, [Shōwa 2 i.e. 1927]
Series:Mantetsu chōsa shiryō ; dai 69-hen.
Subjects:
Tags: Add Tag
No Tags, Be the first to tag this record!
LEADER 01965nam a2200433ui 4500
001 007775295-3
005 20024617121422.0
008 920617s1927 cc a b 000 0 jpn d
035 0 |a ocm33775012 
040 |a *LWU*  |b jpn  |c *LWU*  |d OCoLC  |d *YNH*  |d CStRLIN 
110 2 |6 880-01  |a Minami Manshū Tetsudō Kabushiki Kaisha.  |b Chōsaka. 
245 0 0 |6 880-02  |a Shina no janku to Nanman no sankō /  |c Minami Manshū Tetsudō Kabushiki Kaisha Shomubu Chōsaka henshū. 
260 |6 880-03  |a [Dairen] :  |b Minami Manshū Tetsudō Kabushiki Kaisha Shomubu Chōsaka,  |c [Shōwa 2 i.e. 1927] 
300 |a 2, 4, 85 p. :  |b ill. ;  |c 23 cm. 
490 1 |6 880-04  |a Mantetsu chōsa shiryō ;  |v dai 69-hen 
500 |6 880-05  |a In colophon: Hakkōjo Minami Manshū Tetsudō Kabushiki Kaisha. 
500 |6 880-06  |a Honpen wa ... Iishi Takatoshi no henjutsu ni ataru. 
504 |a Includes bibliographical references (p. 1-2 (1st group)). 
500 |6 880-07  |a Orikomizu 1-mai. 
653 |6 880-08  |a Kōwan  |a Manshū. 
653 |6 880-09  |a Hansen. 
650 0 |a Shipping  |z China  |z Liaoning Sheng. 
650 0 |a Junks. 
700 1 |6 880-10  |a Iishi, Takatoshi. 
880 2 |6 110-01  |a 南滿洲鐡道株式會社.  |b 庶務部.  |b 調查課. 
880 0 0 |6 245-02  |a 支那の戎克と南滿の三港 /  |c 南滿洲鐡道株式會社庶務部調查課編輯. 
880 |6 260-03  |a [大連] :  |b 南滿洲鐡道株式會社庶務部調查課,  |c [昭和2 i.e. 1927] 
880 1 |6 490-04  |a 滿鐡調查資料 ;  |v 第69編 
880 |6 500-05  |a In colophon: 發行所南滿洲鐵道株式會社. 
880 |6 500-06  |a 本編は ... 夷石隆壽その編述に當る. 
880 |6 500-07  |a 折込圖1枚. 
880 |6 653-08  |a 港灣  |a 滿洲. 
880 |6 653-09  |a 帆船. 
880 1 |6 700-10  |a 夷石隆壽. 
830 0 |6 880-54  |a Mantetsu chōsa shiryō ;  |v dai 69-hen. 
880 0 |6 830-54  |a 滿鐡調查資料 ;  |v 第69編. 
886 2 |2 jpnmarc  |a 677  |b 683.9222 
988 |a 20021220 
906 |0 OCLC